00000000nam##2200000za#4500
0019.664958
003CaOODSP
00520240219162708
007ta
008150407|2002||||xxc|||||     f|0| 0 fre|d
040 |aCaOODSP|bfre
041 |aeng
041 |afre
043 |an-cn---
0861 |aNF2-1/2002
1102 |aOffice national du film du Canada.
24510|aÉquité en matière d'emploi, rapport annuel, 2001-2002
260 |aOttawa - Ontario : |bOffice national du film du Canada |c2002.
300 |aTexte français, 10, [8]p. : |btableaux ; |c28 cm.
563 |aReliure à anneaux
590 |a03-43|b2003-10-24
69107|aÉquité en matière d'emploi|2gcpds
69107|aIndustrie cinématographique|2gcpds
791 |tEmployment equity 2001-2002 annual report |eeng|w(CaOODSP)9.664957